000 00733cam a22001935a 4500
001 L153059
008 110601e20111126xxk 000 0 eng d
035 _a(Sirsi) u153059
041 0 _aeng
100 1 _aFordham, Peter
245 0 0 _aCost update
260 _c2011
490 _aBuilding
_v276 (8680) 27 May 2011, 44-46(3)
520 _aQuarterly analysis of construction costs and prices based on Davis Langdon's quarterly Market Forecast; looks at key changes; price adjustment formulae for construction contracts; materials, executive summary, key indicators; labour market statistics and wage agreements.
590 _aKA
651 4 _aUnited Kingdom
_y
690 _aBUILT ENVIRONMENT-CONSTRUCTION MARKET
942 _n0
999 _c83174
_d83174